000 00285nam a22000977a 4500
005 20250901165606.0
008 231215b |||||||| |||| 00| 0 eng d
050 _aHM586 .K6 1997
245 _aSOCIOLOGY:IN A CHANGING WORLD
_cKornblum, William
942 _2lcc
_hHM586 .K6 1997
999 _c6360
_d6360